000 00302 a2200133 4500
000 nam a22 7a 4500
100 _aHarshita Sharma
110 _aHarshita Sharma
245 _aIndia-USA-Pakistan
250 _alatest edition
260 _bHarper
_c2024
264 _bHarper
_c2024
942 _cBK
999 _c395404
_d395404